Missing Word: The Hobbit Chapters Quiz Stats

 Plays Quiz Updated Dec 19, 2019

Support Sporcle.
Go Orange.
Score 0/19 Timer 02:00
0 Plays Today
Chapter Missing Word % Correct
____ Hill and Under HillOver
88.4%
An __________ PartyUnexpected
79.5%
____ of the Frying-Pan into the FireOut
78.7%
A ____ WelcomeWarm
58.2%
____ and WaterFire
52.4%
Not at ____Home
39.2%
Roast ______Mutton
37.9%
_______ in the DarkRiddles
37.7%
Flies and _______Spiders
35.9%
A _____ RestShort
30.7%
Chapter Missing Word % Correct
_____ LodgingsQueer
28.7%
A _____ in the NightThief
28%
_______ Out of BondBarrels
27.4%
The ______ JourneyReturn
23.6%
______ InformationInside
19.4%
The Gathering of the ______Clouds
17.9%
The Clouds _____Burst
16.3%
On the ________Doorstep
16.2%
The Last _____Stage
11.5%

Today's Daily Dose

You're not logged in!

Compare scores with friends on all Sporcle quizzes.
OR
Log In

From the Vault

Poster Portions (2003)

by Sheldon

It's all about portion control. Which is our way of telling Disney to stop making 3 hours movies.
Remove Ads.
Support Sporcle.
Get the best of Sporcle when you Go Orange. This ad-free experience offers more features, more stats, and more fun while also helping to support Sporcle. Thank you for becoming a member.

Show Comments

Extras

Top Quizzes Today


Score Distribution

Your Account Isn't Verified!

In order to create a playlist on Sporcle, you need to verify the email address you used during registration. Go to your Sporcle Settings to finish the process.

Report this User

Report this user for behavior that violates our Community Guidelines.

Details: